| Tag |
First Indicator |
Second Indicator |
Subfields |
| LEADER |
00000cam a2200000 4500 |
| 001 |
in00000608721 |
| 005 |
20151014162849.0 |
| 008 |
751011s1929 nyu b 00010 eng |
| 010 |
|
|
|a 29009194
|
| 035 |
|
|
|a (OCoLC)01693650
|
| 035 |
|
|
|9 ACS2260AM
|
| 040 |
|
|
|a DLC
|c SMI
|d TXA
|d UtOrBLW
|
| 049 |
|
|
|a TXAM
|c [664732]
|
| 050 |
0 |
0 |
|a TL671
|b .N5
|
| 100 |
1 |
|
|a Niles, Alfred Salem,
|d 1894-
|
| 245 |
1 |
0 |
|a Airplane structures /
|c by Alfred S. Niles and Joseph S. Newell.
|
| 264 |
|
1 |
|a New York :
|b J. Wiley;
|a London :
|b Chapman & Hall,
|c 1929.
|
| 300 |
|
|
|a xi, 413 pages :
|b diagrams ;
|c 24 cm.
|
| 336 |
|
|
|a text
|b txt
|2 rdacontent
|
| 337 |
|
|
|a unmediated
|b n
|2 rdamedia
|
| 338 |
|
|
|a volume
|b nc
|2 rdacarrier
|
| 500 |
|
|
|a "In many ways this volume is a revised edition of 'Airplane design' published by the Air corps."-- Pref.
|
| 504 |
|
|
|a Bibliography: pages 389-391.
|
| 536 |
|
|
|a Gift of Ben allen Jr. '56.
|
| 650 |
|
0 |
|a Airplanes.
|
| 700 |
1 |
|
|a Newell, Joseph Shipley.
|
| 999 |
|
|
|a MARS
|
| 999 |
f |
f |
|s 9b33be3e-be83-38b7-8d6b-c6beaf2ae271
|i 5cae752b-c91a-31bd-bd98-43ce08f9b008
|t 0
|
| 952 |
f |
f |
|p ric
|a Texas A&M University
|b Rellis Campus
|c Joint Library Facility
|d Remote Storage
|t 0
|e TL671 .N5
|h Library of Congress classification
|i unmediated -- volume
|m A14805545921
|
| 998 |
f |
f |
|a TL671 .N5
|t 0
|l Remote Storage
|